header

Gender history across epistemologies (Record no. 67880)

MARC details
000 -LEADER
fixed length control field 01458nam a2200373 a 4500
082 04 - DEWEY DECIMAL CLASSIFICATION NUMBER
Classification number 305.309
245 00 - TITLE STATEMENT
Title Gender history across epistemologies
260 ## - PUBLICATION, DISTRIBUTION, ETC. (IMPRINT)
Place of publication Chichester :
Name of publisher Wiley-Blackwell,
Year of publication 2013.
300 ## - PHYSICAL DESCRIPTION
Number of Pages ix, 340 p.
490 0# - SERIES STATEMENT
Series statement Gender and history special issue book series
500 ## - GENERAL NOTE
General note "Originally published as Volume 24, Issue 3 of Gender & History."
650 #0 - SUBJECT ADDED ENTRY--TOPICAL TERM
Topical Term Sex role
Topical Term Gender identity
Topical Term Women
Topical Term Women
700 1# - ADDED ENTRY--PERSONAL NAME
Personal name Gabaccia, Donna R.,
Personal name Maynes, Mary Jo.
856 40 - ELECTRONIC LOCATION AND ACCESS
Uniform Resource Identifier http://site.ebrary.com/lib/rucke/Doc?id=10660602

No items available.

© 2026 Rongo University
Contact us: librarian | system librarian | Rongo university